000 00462nam a2200181Ia 4500
001 11489
005 20260306162831.0
008 260306t2010||||xx |||||||||||||| ||spa||
041 _aESP
082 _a985.061
_bC258A
100 _aClub Nacional
_eAUT
245 0 _aCoronas fúnebres en homenaje a la gloria del almirante Miguel Grau
260 _c2010
300 _a483 páginas :
_c24 cm.
650 _aGEN
654 _aCHU
942 _cLIB
_dJUS
_fJUS
_2ddc
_n
999 _c11489
_d11489